| 000 | 00561nam a2200181Ia 4500 | ||
|---|---|---|---|
| 999 |
_c23227 _d23227 |
||
| 003 | OSt | ||
| 005 | 20200512100959.0 | ||
| 008 | 190216s9999||||xx |||||||||||||| ||und|| | ||
| 020 | _a9781851683260 | ||
| 040 | _coclc | ||
| 082 |
_a297.272 _bAYO/C |
||
| 100 |
_aAyoub, Mahmoud M _92150 |
||
| 245 | 4 |
_aThe Crisis Of Muslim History Religion And Politics In Early Islam / _cMahmoud M Ayoub |
|
| 260 |
_bOneworld Oxford, _c2006. _aEngland: |
||
| 300 | _a179p | ||
| 650 | _aIslamic History | ||
| 942 |
_cBK _2ddc _h297.272 _iAYO/C _k297.272 _mAYO/C |
||